Schwartz's principles of surgery / Volume 2 (Record no. 302)

000 -LEADER
fixed length control field 02315nam a22005777a 4500
001 - CONTROL NUMBER
control field 1084735992
003 - CONTROL NUMBER IDENTIFIER
control field OCoLC
005 - DATE AND TIME OF LATEST TRANSACTION
control field 20241110203919.0
006 - FIXED-LENGTH DATA ELEMENTS--ADDITIONAL MATERIAL CHARACTERISTICS
fixed length control field m o d
007 - PHYSICAL DESCRIPTION FIXED FIELD--GENERAL INFORMATION
fixed length control field cr |n|||||||||
008 - FIXED-LENGTH DATA ELEMENTS--GENERAL INFORMATION
fixed length control field 190207s2019 nyu ob 001 0 eng d
020 ## - INTERNATIONAL STANDARD BOOK NUMBER
Canceled/invalid ISBN 9781259835346
Qualifying information (adhesive - hard ;
-- alk. paper)
020 ## - INTERNATIONAL STANDARD BOOK NUMBER
Canceled/invalid ISBN 1259835367
Qualifying information (adhesive - hard ;
-- alk. paper)
020 ## - INTERNATIONAL STANDARD BOOK NUMBER
Canceled/invalid ISBN 9781259835353
Qualifying information (set ;
-- alk. paper)
020 ## - INTERNATIONAL STANDARD BOOK NUMBER
Canceled/invalid ISBN 1259835359
Qualifying information (set ;
-- alk. paper)
035 ## - SYSTEM CONTROL NUMBER
System control number (OCoLC)1084735992
040 ## - CATALOGING SOURCE
Original cataloging agency UIU
Language of cataloging eng
Description conventions pn
Transcribing agency UIU
Modifying agency OCLCO
-- YYE
041 ## - LANGUAGE CODE
Language code of text/sound track or separate title eng
049 ## - LOCAL HOLDINGS (OCLC)
Holding library YYEA
-- VZYM
080 ## - UNIVERSAL DECIMAL CLASSIFICATION NUMBER
Universal Decimal Classification number 617
Item number S-39
096 ## - LOCALLY ASSIGNED NLM-TYPE CALL NUMBER (OCLC)
Classification number WO 39 S399 2019
100 ## - MAIN ENTRY--PERSONAL NAME
9 (RLIN) 180
Personal name Brunicardi, F. Charles
245 00 - TITLE STATEMENT
Title Schwartz's principles of surgery / Volume 2
Statement of responsibility, etc. editor-in-chief, F. Charles Brunicardi ; associate editors, Dana K. Andersen, Timothy R. Billiar, David L. Dunn, John G. Hunter, Raphael E. Pollock, Jeffrey B. Matthews.
246 3# - VARYING FORM OF TITLE
Title proper/short title Principles of surgery.
250 ## - EDITION STATEMENT
Edition statement 11th ed.
260 ## - PUBLICATION, DISTRIBUTION, ETC.
Place of publication, distribution, etc. New York :
Name of publisher, distributor, etc. McGraw-Hill Education,
Date of publication, distribution, etc. [2019]
300 ## - PHYSICAL DESCRIPTION
Extent 1030 p. index 96 p. both volumes 2195 p.
Other physical details ill
490 0# - SERIES STATEMENT
Series statement McGraw-Hill's AccessSurgery.
500 ## - GENERAL NOTE
General note "Online First" chapters appear in AccessSurgery prior to publication in print later in year (viewed 2/19/2019)
504 ## - BIBLIOGRAPHY, ETC. NOTE
Bibliography, etc. note Includes bibliographical references and index.
588 0# - SOURCE OF DESCRIPTION NOTE
Source of description note Print version record.
590 ## - LOCAL NOTE (RLIN)
Local note v.1 c.1 10073012 Ritt 6/13/2019 6/13/2019 $199.00
590 ## - LOCAL NOTE (RLIN)
Local note v.2 c.1 10073012 Ritt 6/13/2019 6/13/2019 $199.00.
650 #2 - SUBJECT ADDED ENTRY--TOPICAL TERM
Topical term or geographic name entry element Surgical Procedures, Operative.
650 #0 - SUBJECT ADDED ENTRY--TOPICAL TERM
Topical term or geographic name entry element Surgery
9 (RLIN) 103
650 #0 - SUBJECT ADDED ENTRY--TOPICAL TERM
Topical term or geographic name entry element Medicine
9 (RLIN) 69
653 ## - INDEX TERM--UNCONTROLLED
Uncontrolled term მედიცინა
653 ## - INDEX TERM--UNCONTROLLED
Uncontrolled term ქირურგია
653 ## - INDEX TERM--UNCONTROLLED
Uncontrolled term ქირურგიული პროცედურები
700 1# - ADDED ENTRY--PERSONAL NAME
Personal name Brunicardi, F. Charles.
700 ## - ADDED ENTRY--PERSONAL NAME
Personal name Anderson, K. Dana
9 (RLIN) 182
Relator term Editor
700 ## - ADDED ENTRY--PERSONAL NAME
Personal name Billiar, R. Timothy
9 (RLIN) 183
Relator term Editor
700 ## - ADDED ENTRY--PERSONAL NAME
Personal name Dunn, L. David
9 (RLIN) 184
Relator term Editor
700 ## - ADDED ENTRY--PERSONAL NAME
Personal name Hunter, G. John
9 (RLIN) 185
Relator term Editor
700 ## - ADDED ENTRY--PERSONAL NAME
Personal name Kao, S. Lillian
9 (RLIN) 186
Relator term Editor
700 ## - ADDED ENTRY--PERSONAL NAME
Personal name Matthews, B. Jeffrey
9 (RLIN) 187
Relator term Editor
700 ## - ADDED ENTRY--PERSONAL NAME
Personal name Pollock, E. Raphael
9 (RLIN) 188
710 2# - ADDED ENTRY--CORPORATE NAME
Corporate name or jurisdiction name as entry element McGraw-Hill Companies.
Relator term Editor
776 08 - ADDITIONAL PHYSICAL FORM ENTRY
Relationship information Print version:
International Standard Book Number 9781259835353
-- 9781259835360
Record control number (DLC) 2018007786
-- (OCoLC)1024084337.
942 ## - ADDED ENTRY ELEMENTS (KOHA)
Source of classification or shelving scheme
Koha item type Books
Edition 11
Holdings
Withdrawn status Lost status Source of classification or shelving scheme Damaged status Not for loan Permanent location Current location Date acquired Inventory number Total Checkouts Full call number Barcode Date last seen Price effective from Koha item type
          Ken Walker International University Ken Walker International University 11/20/2020 930   617 S-39 930 11/20/2020 11/20/2020 Books
          Ken Walker International University Ken Walker International University 03/22/2021 2074   617 S-39 2074 03/22/2021 03/22/2021 Books

Powered by Koha